000 00510nam a2200169Ia 4500
999 _c6071
_d6071
003 OSt
005 20200129121721.0
008 190216s9999||||xx |||||||||||||| ||und||
020 _a0074519794
040 _coclc
082 _a658.4033
_bVOH/Q
100 _aVohra, N D
_91435
245 0 _aQuantitative Techniques In Management /
_cN D Vohra
260 _bTata Mcgraw Hill Publishing Copmpany,
_c2000.
_aNew Delhi:
300 _a752p
942 _cBK
_2ddc
_h658.4033
_iVOH/Q
_k658.4033
_mVOH/Q